|
|
|
|
| LEADER |
01181nam a2200301 a 4500 |
| 001 |
5804 |
| 005 |
20130730114843.0 |
| 008 |
130730s1983 caua b 000 0 eng d |
| 010 |
|
|
|a 82021545
|
| 020 |
|
|
|a 0803906544 (pbk.)
|
| 040 |
|
|
|a DLC
|c DLC
|d DLC
|d BD-DhAAL
|
| 050 |
0 |
0 |
|a H61.25
|b .A825 1983
|
| 082 |
0 |
0 |
|a 519.5
|2 19
|
| 100 |
1 |
|
|a Asher, Herbert B.
|9 2444
|
| 245 |
1 |
0 |
|a Causal modeling /
|c Herbert B. Asher.
|
| 250 |
|
|
|a 2nd ed.
|
| 260 |
|
|
|a Beverly Hills ;:
|a London :
|b Sage Publications,
|c c1983.
|
| 300 |
|
|
|a 96 p. :
|b ill. ;
|c 22 cm.
|
| 490 |
1 |
|
|a Quantitative applications in the social sciences ;
|v no. 07-003
|
| 504 |
|
|
|a Includes bibliography: p. 92-96.
|
| 650 |
|
0 |
|a Social sciences
|x Mathematical models.
|9 2445
|
| 650 |
|
0 |
|a Social sciences
|x Statistical methods.
|9 2446
|
| 700 |
|
|
|a Lewis-Beck, Michael S. (series editor)
|9 2447
|
| 830 |
|
0 |
|a Sage university papers series.
|p Quantitative applications in the social sciences ;
|v no. 07-003.
|9 2448
|
| 541 |
|
|
|e 5804
|
| 942 |
|
|
|2 ddc
|c BK
|
| 999 |
|
|
|c 13776
|d 13776
|
| 952 |
|
|
|0 0
|1 0
|2 ddc
|4 0
|6 519_500000000000000_ASH
|7 0
|9 23041
|a BRACUL
|b BRACUL
|c GEN
|d 2013-07-30
|g 1072.00
|l 0
|o 519.5 ASH
|p 3010005804
|r 2013-07-30
|t 1
|w 2013-07-30
|y BK
|